| 000 | 01190nam0a2200325 4500 | ||
|---|---|---|---|
| 001 | RU\NLR\BIBL_A\012604472 | ||
| 005 | 20211213155106.0 | ||
| 010 |
_a978-5-907338-25-8 _95000 |
||
| 021 |
_aRU _bКН-П-21-028430 _9КН-П-21-2201 |
||
| 035 | _a(NLR Aleph) 012604472 | ||
| 090 |
_a12591716 _c12591716 |
||
| 100 | _a20210928d2021 u y0rusy50 ca | ||
| 101 | 1 |
_arus _ceng |
|
| 102 | _aRU | ||
| 105 | _ay z 000ay | ||
| 181 | 0 |
_ai _baxxe |
|
| 182 | 0 | _an | |
| 200 | 1 |
_aДевушки без имени _e[роман] _fСерена Бурдик _gперевела с английского: Ирина Нечаева _gхудожник: Алексей Вайнер |
|
| 203 |
_aТекст _bвизуальный _cнепосредственный |
||
| 210 |
_aСанкт-Петербург _cАркадия _d2021 |
||
| 215 |
_a415, [1] с. _d21 |
||
| 225 | 1 | _aСерия "Memory" | |
| 333 | _a16+ | ||
| 686 | 1 | _aШ6(7США)67-440.4{Лх1979-50} | |
| 700 | 1 |
_aБурдик _bС. _gСерена _3RU\NLR\AUTH\770237164 |
|
| 942 | _cBOOK | ||
| 980 | _aNB | ||